Fr. Conceicao Rodrigues College of Engineering

Introduction to Micromachining (Record no. 35328)

MARC details
000 -LEADER
fixed length control field 00306nam a2200145Ia 4500
082 ## - DEWEY DECIMAL CLASSIFICATION NUMBER
Classification number 670.4
Item number JAI
100 ## - MAIN ENTRY--PERSONAL NAME
Personal name Jain/V.K
245 ## - TITLE STATEMENT
Title Introduction to Micromachining
260 ## - PUBLICATION, DISTRIBUTION, ETC.
Name of publisher, distributor, etc. Narosa
Date of publication, distribution, etc. 2010
366 ## - TRADE AVAILABILITY INFORMATION
Publishers's discount category 20
546 ## - LANGUAGE NOTE
Language note ENGLISH
-- Info.Tech
650 ## - SUBJECT ADDED ENTRY--TOPICAL TERM
Topical term or geographic name entry element Micromachining
942 ## - ADDED ENTRY ELEMENTS (KOHA)
Koha item type BOOK
Holdings
Withdrawn status Lost status Damaged status Not for loan Collection Home library Current library Date acquired Source of acquisition Cost, normal purchase price Inventory number Total Checkouts Full call number Barcode Date last seen Cost, replacement price Price effective from Koha item type
        CRC Fr. Agnel's C.Rodrigues College of Engineering Fr. Agnel's C.Rodrigues College of Engineering 17/03/2023 Narosa 336.00 264 dt 22/05/2013   670.4 JAI 22700 17/03/2023 420.00   BOOK